Stades du Top 14 2024/2025 - Statistiques

Statistiques générales
  • Ce quiz a été pris 72 fois
    33 depuis la dernière actualisation
  • Le résultat moyen est 11 sur 14
Statistiques - réponses
Par images Réponse % Correct
Ernest Wallon
93%
Marcel Michelin
89%
Jean Bouin
85%
Jean Dauger
85%
Marcel Deflandre
85%
Matmut Stadium Gerland
85%
Mayol
85%
Chaban Delmas
81%
Stade du Hameau
70%
Aimé Giral
67%
Pierre Fabre
67%
La Défense Arena
63%
La Rabine
63%
GGL Stadium
56%
Aucun quiz correspondant
Distribution des résultats
% des personnes avec chaque résultat
Percentile par nombre de réponses
Votre historique - résultats
Vous n’avez pas pris ce quiz depuis la dernière actualisation